|
|
|
|
| LEADER |
00000nam0a2200000 4500 |
| 001 |
216663 |
| 005 |
20231101230045.0 |
| 010 |
|
|
|a 9785238022475
|
| 035 |
|
|
|a (RuTPU)RU\TPU\book\236635
|
| 035 |
|
|
|a RU\TPU\book\147051
|
| 090 |
|
|
|a 216663
|
| 100 |
|
|
|a 20020521d2012 m y0rusy50 ca
|
| 101 |
0 |
|
|a rus
|
| 102 |
|
|
|a RU
|
| 105 |
|
|
|a a j 001zy
|
| 200 |
1 |
|
|a Менеджмент
|e учебник
|g под ред. М. М. Максимцова, М. А. Комарова
|
| 205 |
|
|
|a 4-е изд., перераб. и доп.
|
| 210 |
|
|
|a Москва
|c ЮНИТИ-ДАНА
|d 2012
|
| 215 |
|
|
|a 343 с.
|c ил.
|
| 320 |
|
|
|a Библиогр.: с. 338-340.
|
| 320 |
|
|
|a Словарь основных терминов: с. 329-337.
|
| 330 |
|
|
|a Изложены методологические основы менеджмента, стратегия и тактика управления организацией, роль менеджеров и их социальная ответственность, современные тенденции в менеджменте. Рассмотрены комплексный интегрированный подход к процессам управления, факторы неопределенности и риска в менеджменте. Даны основы антикризисного менеджмента. Для студентов вузов, обучающихся по направлению «Экономика и управление». Может быть полезен руководителям предприятий и организаций, менеджерам.
|
| 606 |
1 |
|
|a Менеджмент
|2 stltpush
|3 (RuTPU)RU\TPU\subj\42098
|9 61850
|
| 610 |
1 |
|
|a экономика
|
| 610 |
1 |
|
|a управление
|
| 610 |
1 |
|
|a стратегический менеджмент
|
| 610 |
1 |
|
|a мотивации
|
| 610 |
1 |
|
|a контроль
|
| 610 |
1 |
|
|a принятие решений
|
| 610 |
1 |
|
|a риски
|
| 610 |
1 |
|
|a информационное обеспечение
|
| 610 |
1 |
|
|a кадры
|
| 610 |
1 |
|
|a руководитель
|
| 610 |
1 |
|
|a антикризисный менеджмент
|
| 610 |
1 |
|
|a налоговый менеджмент
|
| 610 |
1 |
|
|a учебники
|
| 686 |
|
|
|a У9(2)212я73
|v LBC/SL-A
|2 rubbk
|
| 702 |
|
1 |
|a Максимцов
|b М. М.
|4 340
|
| 702 |
|
1 |
|a Комаров
|b М. А.
|4 340
|
| 801 |
|
1 |
|a RU
|b 63413507
|c 20120528
|
| 801 |
|
2 |
|a RU
|b 63413507
|c 20150515
|g RCR
|
| 900 |
|
|
|a Менеджмент
|
| 942 |
|
|
|c BK
|
| 952 |
|
|
|b 080100
|
| 959 |
|
|
|a 84/20120528
|d 2
|e 400,00
|f ЧЗГЛ:1
|f АНЛ:1
|